Literatura argentina y latinoamericana : conectada con literatura universal /

Guardado en:
Autor Principal: De Luca, Gabriel
Otros Autores: Di Vincenzo, Diego
Formato: Libro
Publicado: Buenos Aires : Santillana, 1998
Series:Polimodal
Materias:
Etiquetas: Agregar Etiqueta
Sin Etiquetas, Sea el primero en etiquetar este registro!
LEADER 00942nam a22002535a 4500
001 CEM.cems009932
005 20080625131610.0
008 130507s1998##################000#0#####d
003 CEMS
020 |a 9504605605 
082 0 4 |a H860.9 
100 1 |a De Luca, Gabriel 
245 1 0 |a Literatura argentina y latinoamericana :  |b conectada con literatura universal /  |c  Gabriel de Luca, Diego Di Vincenzo 
260 |a Buenos Aires :  |b Santillana,  |c 1998 
300 |a 256 p. 
490 0 |a Polimodal 
653 |a Literatura 
653 |a Literatura argentina-historia 
653 |a Literatura latinoamericana-historia 
700 1 |a Di Vincenzo, Diego 
859 |a CEMS  |b BIB. CEMS - 11 de abril  |h H860.9  |i D386  |p 20262.99  |t Ej.1 
859 |a CEMS  |b BIB. CEMS - 11 de abril  |h H860.9  |i D386  |p 20263.99  |t Ej.2 
859 |a CEMS  |b BIB. CEMS - 11 de abril  |h H860.9  |i D386  |p 20619.99  |t Ej.3 
859 |a CEMS  |b BIB. CEMS - Agricultura  |h H860.9  |i D386  |p A20392.99  |t Ej.1  |v 1  |3 Vol. 1